Historia de los Valls: una familia catalana de juristas, catedráticos, empresarios, políticos, banqueros y eclesiásticos (Record no. 12031)

MARC details
000 -LEADER
campo de control de longitud fija 00937nam a2200217 i 4500
001 - NÚMERO DE CONTROL
campo de control 12031
003 - IDENTIFICADOR DE NÚMERO DE CONTROL
campo de control ES-MaACL
005 - FECHA Y HORA DE LA ÚLTIMA TRANSACCIÓN
campo de control 20230906150226.0
008 - DATOS DE LONGITUD FIJA--INFORMACIÓN GENERAL
campo de control de longitud fija 950125s1994 sp |||| | spa j
020 ## - NÚMERO INTERNACIONAL ESTÁNDAR DEL LIBRO
Número Internacional Estándar del Libro 84-604-8745-8
080 ## - NÚMERO DE LA CLASIFICACIÓN DECIMAL UNIVERSAL
Número de la Clasificación Decimal Universal 929.52 Valls
100 1# - ENTRADA PRINCIPAL--NOMBRE DE PERSONA
Nombre de persona Serrano Alcaide, Concepción.
9 (RLIN) 105727
245 10 - MENCIÓN DEL TÍTULO
Título Historia de los Valls: una familia catalana de juristas, catedráticos, empresarios, políticos, banqueros y eclesiásticos
Resto del título : (dos siglos de derecho, finanzas y política de la Cataluña contemporánea) /
Mención de responsabilidad, etc. Concepción Serrano Alcaide.
250 ## - MENCION DE EDICION
Mención de edición 1ª ed.
260 ## - PUBLICACIÓN, DISTRIBUCIÓN, ETC.
Lugar de publicación, distribución, etc. Málaga :
Nombre del editor, distribuidor, etc. Cátedra de Historia del Derecho y de las Instituciones de la Universidad,
Fecha de publicación, distribución, etc. 1994.
300 ## - DESCRIPCIÓN FÍSICA
Extensión 290 p :
Otras características físicas il. ;
Dimensiones 22 cm.
500 ## - NOTA GENERAL
Nota general Índice.
600 14 - PUNTO DE ACCESO ADICIONAL DE MATERIA--NOMBRE DE PERSONA
Nombre de persona Valls (Familia)-
Subdivisión de forma Historia.
9 (RLIN) 112939
710 2# - ENTRADA AGREGADA--NOMBRE DE ENTIDAD CORPORATIVA
Nombre de entidad corporativa o nombre de jurisdicción como elemento de entrada Universidad de Málaga.
Unidad subordinada Cátedra de Historia del Derecho y de las Instituciones.
9 (RLIN) 162592
852 ## - LOCALIZACIÓN
Ubicación ES-MaACL
Número de control de estantería L-19370
Holdings
Estatus retirado Estado de pérdida Estado de daño No para préstamo Biblioteca de origen Biblioteca actual Ubicación en estantería Fecha de adquisición Fuente de adquisición Total de préstamos Signatura topográfica completa Código de barras Visto por última vez Precio de reemplazo Tipo de ítem Koha
        Biblioteca del Ateneo de Madrid Biblioteca del Ateneo de Madrid Depósito 2 17/01/2008     L-19370 1012259 23/02/2023 23/02/2023 Libro impreso